Davis advantage for Townsend's essentials of psychiatric mental-health nursing : (Record no. 172049)
[ view plain ]
| 000 -LEADER | |
|---|---|
| fixed length control field | 01101cam a2200301 i 4500 |
| 001 - CONTROL NUMBER | |
| control field | 22281726 |
| 003 - CONTROL NUMBER IDENTIFIER | |
| control field | OSt |
| 005 - DATE AND TIME OF LATEST TRANSACTION | |
| control field | 20250619114550.0 |
| 008 - FIXED-LENGTH DATA ELEMENTS--GENERAL INFORMATION | |
| fixed length control field | 211021s2023 paua b 001 0 eng |
| 020 ## - INTERNATIONAL STANDARD BOOK NUMBER | |
| International Standard Book Number | 9781719645768 (paperback) |
| 024 ## - OTHER STANDARD IDENTIFIER | |
| Terms of availability | USD 152 |
| 040 ## - CATALOGING SOURCE | |
| Original cataloging agency | DNLM/DLC |
| Language of cataloging | eng |
| Description conventions | rda |
| Transcribing agency | DLC |
| Modifying agency | NUST |
| 050 00 - LIBRARY OF CONGRESS CALL NUMBER | |
| Classification number | RC440 MOR |
| 100 1# - MAIN ENTRY--PERSONAL NAME | |
| Personal name | Morgan, Karyn I. |
| Relator term | Author |
| 245 10 - TITLE STATEMENT | |
| Title | Davis advantage for Townsend's essentials of psychiatric mental-health nursing : |
| Remainder of title | concepts of care in evidence-based practice / |
| Statement of responsibility, etc. | Karyn I. Morgan. |
| 250 ## - EDITION STATEMENT | |
| Edition statement | Ninth edition. |
| 260 ## - PUBLICATION, DISTRIBUTION, ETC. | |
| Place of publication, distribution, etc. | Philadelphia, PA : |
| Name of publisher, distributor, etc. | F.A. Davis Company, |
| Date of publication, distribution, etc. | ©2023. |
| 300 ## - PHYSICAL DESCRIPTION | |
| Extent | xxx, 794 pages : |
| Other physical details | Illustrations ; |
| Dimensions | 26 cm. |
| 336 ## - CONTENT TYPE | |
| Content type term | text |
| Content type code | txt |
| Source | rdacontent |
| 337 ## - MEDIA TYPE | |
| Media type term | unmediated |
| Media type code | n |
| Source | rdamedia |
| 338 ## - CARRIER TYPE | |
| Carrier type term | volume |
| Carrier type code | nc |
| Source | rdacarrier |
| 504 ## - BIBLIOGRAPHY, ETC. NOTE | |
| Bibliography, etc. note | Includes bibliographical references and index. |
| 650 22 - SUBJECT ADDED ENTRY--TOPICAL TERM | |
| Form subdivision | Mental disorders -- nursing. |
| 650 22 - SUBJECT ADDED ENTRY--TOPICAL TERM | |
| Form subdivision | Evidence-based nursing -- Methods. |
| 650 22 - SUBJECT ADDED ENTRY--TOPICAL TERM | |
| Form subdivision | Nursing. |
| 650 22 - SUBJECT ADDED ENTRY--TOPICAL TERM | |
| Form subdivision | Psychiatric Nursing -- methods. |
| 942 ## - ADDED ENTRY ELEMENTS (KOHA) | |
| Source of classification or shelving scheme | Library of Congress Classification |
| Koha item type | Ordinary Loan Books |
| Edition | Ninth edition. |
| Classification part | RC440 MOR |
| Call number prefix | RC |
| Call number suffix | MOR |
| Suppress in OPAC | No |
| Withdrawn status | Lost status | Source of classification or shelving scheme | Damaged status | Not for loan | Collection | Home library | Current library | Shelving location | Date acquired | Source of acquisition | Cost, normal purchase price | Total Checkouts | Full call number | Barcode | Date last seen | Accession number | Cost, replacement price | Price effective from | Koha item type | Public note |
|---|---|---|---|---|---|---|---|---|---|---|---|---|---|---|---|---|---|---|---|---|
| LCC | NFIC | MEDICAL | MEDICAL | GEN | 06/19/2025 | Purchase | 152.00 | RC440 MOR | 92004056491 | 06/19/2025 | 25/79 | 152.00 | 06/19/2025 | BOOKS | Purchase | |||||
| LCC | NFIC | MEDICAL | MEDICAL | GEN | 06/19/2025 | Purchase | 152.00 | RC440 MOR | 92004057163 | 06/19/2025 | 25/78 | 152.00 | 06/19/2025 | BOOKS | Purchase |